000 00799nam a2200229Ia 4500
001 9024
003 GE_BSU
008 181216s||||||||xx |||||||||||||| ||und||
040 _cGE_BSU
080 _a82-93
100 _aიოსელიანი,იაროსლავ
245 _aორთაბრძოლა წყალქვეშ
245 _bმოთხრობები უფრ.ასაკის ბავშვ.
245 _cრედ. მ.ხერგიანი. მხატვ.სპ.ცინცაძე
260 _aთბილისი
260 _bნაკადული
260 _c1972
300 _a207გვ.20სმ.
653 _aმოთხრობები
653 _aორთაბრძოლა წყალქვეშ
942 _cBK
999 _c42328
_d42328